000 00426nam a2200133Ia 4500
008 100328s9999 xx 000 0 und d
082 _b3780
100 _aवरेरकर भार्गवराम विठ्ठल
245 _aतरते पोलाद
260 _bलोहाणा सिनेटरी
630 _aतरते पोलाद
730 _aतरते पोलाद
942 _cBOOK
999 _c499896
_d499893